Tipos de escrito

Saved in:
Bibliografiske detaljer
Hovedforfatter: Alvarez, Miriam (Author)
Format: Bog
Sprog:spansk
Udgivet: Madrid Arco Libros 1996
Udgivelse:2a. ed
Serier:Cuadernos de Lengua Española
Fag:
Tags: Tilføj Tag
Ingen Tags, Vær først til at tagge denne postø!

MARC

LEADER 00000nam a2200000 a 4500
001 UCT0799
003 CL-VaPUC
008 960906e19960000SP |||||||||||||||||spa|d
082 0 4 |a 411  |b ALV  |2 21 
100 0 |a Alvarez, Miriam  |e author  |9 369294 
245 1 0 |a Tipos de escrito 
250 |a 2a. ed 
300 |a v 
942 |c BK 
945 |d 19960906 00:00:00  |a nastorga 
260 |a Madrid  |b Arco Libros  |c 1996 
500 |a v.1 Narración y Descripción 
500 |a v.2 Exposición y argumentación 
500 |a v.3 Epistolar, administrativo y jurídico 
500 |a v.4: Escritos comerciales 
650 0 |a Escritos  |9 255895 
650 0 |a Discursos   |9 265028 
650 0 |a Comunicación   |9 257251 
650 0 |a Contratos  |9 255153 
650 0 |a Escritura  |9 264941 
650 0 |a Composición literaria  |9 324494 
650 7 |a CORREO EPISTOLAR  |2 CL-VaPUC  |9 346022 
650 0 |a Técnicas de comunicación  |9 334811 
650 0 |a Correspondencia  |9 258963 
650 0 |a Narración   |9 310539 
650 0 |a Ensayos  |9 268724 
650 7 |a EXPOSICION A LOS MEDIOS DE COMUNICACION  |2 CL-VaPUC  |9 369295 
650 0 |a Argumentación   |9 257103 
583 |a last modification  |c 19960906 00:00:00  |k Rodrigo Vera 
490 0 |a Cuadernos de Lengua Española 
999 |c 251503  |d 251501 
952 |0 0  |1 0  |4 0  |6 411_000000000000000_ALV_1996  |7 0  |8 A  |9 270704  |a FDOPOS  |b BIBEDU  |d 2019-11-19  |h v.1  |i 3228398  |l 2  |o 411 ALV 1996  |p 3228398  |r 2025-01-22  |s 2023-06-16  |w 2019-11-19  |y BK  |k MLA 
952 |0 0  |1 0  |4 0  |6 411_000000000000000_ALV_1996  |7 0  |8 A  |9 270705  |a FDOPOS  |b BIBEDU  |d 2019-11-19  |h v.2  |i 3228401  |l 1  |o 411 ALV 1996  |p 3228401  |r 2025-01-22  |s 2022-06-09  |w 2019-11-19  |y BK  |k MLA 
952 |0 0  |1 0  |4 0  |6 411_000000000000000_ALV_1996  |7 0  |8 A  |9 270706  |a FDOPOS  |b FDOPOS  |d 2019-11-19  |h v.3  |i 322841K  |o 411 ALV 1996  |p 322841K  |r 2025-01-22  |w 2019-11-19  |y BK  |k MLA 
952 |0 0  |1 0  |4 0  |6 411_000000000000000_ALV_1996  |7 0  |8 A  |9 270707  |a FDOPOS  |b FDOPOS  |d 2019-11-19  |h v.3  |i 3688739  |o 411 ALV 1996  |p 3688739  |r 2025-01-22  |w 2019-11-19  |y BK  |k MLA 
952 |0 0  |1 0  |4 0  |6 411_000000000000000_ALV_1996  |7 0  |8 A  |9 270708  |a FDOPOS  |b FDOPOS  |d 2019-11-19  |h v.4  |i 3688755  |o 411 ALV 1996  |p 3688755  |r 2025-01-22  |w 2019-11-19  |y BK  |k MLA 
952 |0 0  |1 0  |4 0  |6 411_000000000000000_ALV_1996  |7 0  |8 A  |9 270709  |a FDOPOS  |b FDOPOS  |d 2019-11-19  |h v.1  |i 3689182  |o 411 ALV 1996  |p 3689182  |r 2025-01-22  |w 2019-11-19  |y BK  |k MLA